| 000 | 01608nam a2200277Ia 4500 | ||
|---|---|---|---|
| 999 |
_c39691 _d39691 |
||
| 001 | 6294 | ||
| 003 | GE_BSU | ||
| 005 | 20191031124206.0 | ||
| 008 | 181216s2012||||ge |||||||||||||| ||geo|| | ||
| 020 | _a9789941197369 | ||
| 040 | _cGE_BSU | ||
| 041 | _ageo | ||
| 080 | _a821.161.1-31 ა-70 | ||
| 100 |
_aანტონოვსკაია, ანა _93051 |
||
| 245 |
_aდიდი მოურავი : _bრომანი 14 ტომად. ტ. 5. წ. 3, ნაწ. 5 (I) / _cანა ანტონოვსკაია ; თარგმანი არისტო ჭუმბაძისა ; მხატვ. ნიკოლოზ თეთრაშვილი ; სარედ. ჯგ.: ზურაბ აბაშიძე, ირმა ხარშილაძე. |
||
| 264 |
_aთბილისი : _bპალიტრა L, _c2012. |
||
| 300 |
_a312 გვ.; _b20 სმ. |
||
| 500 | _a რომანი თავდაპირველად გამოდიოდა 12 ტომად. 2013 წელს დაემატა 2 ტომი. | ||
| 600 |
_aსააკაძე გიორგი _935 |
||
| 653 | _aისტორიული რომანი | ||
| 700 |
_aჭუმბაძე, არისტო _eმთარგმნელი _95173 |
||
| 700 |
_aთეთრაშვილი, ნიკოლოზ _eმხატვარი _93053 |
||
| 700 |
_aაბაშიძე, ზურაბ _eრედაქტორი _91322 |
||
| 700 |
_aხარშილაძე, ირმა _eრედაქტორი _91324 |
||
| 942 |
_cBK _2udc |
||